Shaka Zulu; (Record no. 350241)

000 -LEADER
fixed length control field 00785cam a2200265 4500
001 - CONTROL NUMBER
control field 2533881
003 - CONTROL NUMBER IDENTIFIER
control field OSt
005 - DATE AND TIME OF LATEST TRANSACTION
control field 20180116183010.0
008 - FIXED-LENGTH DATA ELEMENTS--GENERAL INFORMATION
fixed length control field 741230s1973 nyu 000 0 eng d
035 ## - SYSTEM CONTROL NUMBER
System control number (OCoLC)ocm01124500
035 ## - SYSTEM CONTROL NUMBER
System control number (NNC)2533881
040 ## - CATALOGING SOURCE
Original cataloging agency ZPM
Transcribing agency ZPM
Modifying agency UIU
-- ZCU
082 ## - DEWEY DECIMAL CLASSIFICATION NUMBER
Classification number 813.54 RIT 1967
090 ## - LOCALLY ASSIGNED LC-TYPE CALL NUMBER (OCLC); LOCAL CALL NUMBER (RLIN)
Classification number (OCLC) (R) ; Classification number, CALL (RLIN) (NR) DT878.Z9
Local cutter number (OCLC) ; Book number/undivided call number, CALL (RLIN) R68 1973
100 1# - MAIN ENTRY--PERSONAL NAME
Personal name Ritter, E. A.,
Dates associated with a name 1890-
245 10 - TITLE STATEMENT
Title Shaka Zulu;
Remainder of title the rise of the Zulu Empire,
Statement of responsibility, etc. by E.A. Ritter.
260 ## - PUBLICATION, DISTRIBUTION, ETC.
Place of publication, distribution, etc. New York,
Name of publisher, distributor, etc. New American Library
Date of publication, distribution, etc. [1973, c1955]
300 ## - PHYSICAL DESCRIPTION
Extent xx, 407p.
Other physical details illus., maps.
Dimensions 18cm.
490 1# - SERIES STATEMENT
Series statement A Mentor book,
Volume/sequential designation MJ1231
600 00 - SUBJECT ADDED ENTRY--PERSONAL NAME
Personal name Shaka,
Titles and other words associated with a name Zulu chief,
Dates associated with a name 1787?-1828.
650 #0 - SUBJECT ADDED ENTRY--TOPICAL TERM
Topical term or geographic name entry element Zulu (African people)
General subdivision History.
830 #0 - SERIES ADDED ENTRY--UNIFORM TITLE
Uniform title Mentor book ;
Volume/sequential designation MJ1231.
942 ## - ADDED ENTRY ELEMENTS (KOHA)
Source of classification or shelving scheme
Koha item type Book
Holdings
Withdrawn status Lost status Source of classification or shelving scheme Damaged status Not for loan Collection code Permanent Location Current Location Shelving location Date acquired Total Checkouts Full call number Barcode Date last seen Price effective from Koha item type
            Central Library (CL) Central Library (CL) Fiction 09/01/2015   813.54 RIT 1967 NBSD-2034 09/01/2015 09/01/2015 Book
© 2023 Central Library, National University of Sciences and Technology. All Rights Reserved.